| 000 | 01265cam a22003617a 4500 | ||
|---|---|---|---|
| 003 | CHAP | ||
| 005 | 20220719133333.0 | ||
| 008 | 971013s1974 r 00010 d | ||
| 010 | _a54905 | ||
| 011 | _a55877 | ||
| 035 | _a60030 | ||
| 040 | _cCHAP | ||
| 090 | _aTesis | ||
| 100 | 0 | 0 |
_aSantizo Rincón, José Antonio _9102440 |
| 245 | 1 | 3 | _aLa parcela experimental y su relación con la heterogeneidad del suelo |
| 260 |
_aChapingo, Méx. : _bEl autor, _c1974 |
||
| 300 |
_a280 p. _b: gráfs. |
||
| 502 | _aTesis (M.C. en Estadística Experimental) -- ENA. Colegio de Postgraduados. Centro de Estadística y Cálculo | ||
| 590 |
_aALEPH _b10 _c20130110 _lUCH01 _h1332 |
||
| 590 |
_aBATCH-UPD _b10 _c20130110 _lUCH01 _h0508 |
||
| 590 |
_aBATCH-UPD _b10 _c20130410 _lUCH01 _h0145 |
||
| 590 |
_aBATCH-UPD _b10 _c20130914 _lUCH01 _h0332 |
||
| 590 |
_aCONVERSION _b10 _c20130109 _lUCH01 _h1330 |
||
| 650 | 1 | 4 |
_aAgricultura _xExperimentación. _91476 |
| 650 | 1 | 4 |
_aDiseños experimentales. _932735 |
| 650 | 1 | 4 |
_aParcelas experimentales. _985485 |
| 650 | 1 | 4 |
_aSuelos _xFertilidad. _9110367 |
| 901 | _aBK | ||
| 942 | _cFOLL | ||
| 949 |
_bBC _cTES _d-129565 _eTS1 _i60030 _si |
||
| 949 |
_bBC _cTES _d-129566 _eTS2 _fc.2 _i60030 _si |
||
| 949 |
_bBC _cTES _d-129567 _eTS2 _fc.3 _i60030 _si |
||
| 999 |
_c54905 _d54905 |
||